Quick Draw People: Step-by-Step Masterpieces (Record no. 12921)

000 -LEADER
fixed length control field 00372 a2200157 4500
003 - CONTROL NUMBER IDENTIFIER
control field OSt
005 - DATE AND TIME OF LATEST TRANSACTION
control field 20240801153310.0
008 - FIXED-LENGTH DATA ELEMENTS--GENERAL INFORMATION
fixed length control field 240801b ||||| |||| 00| 0 eng d
020 ## - INTERNATIONAL STANDARD BOOK NUMBER
International Standard Book Number 9781910706657
082 ## - DEWEY DECIMAL CLASSIFICATION NUMBER
Classification number 741
100 ## - MAIN ENTRY--PERSONAL NAME
Personal name Sarah Wimperis
245 ## - TITLE STATEMENT
Title Quick Draw People: Step-by-Step Masterpieces
260 ## - PUBLICATION, DISTRIBUTION, ETC. (IMPRINT)
Name of publisher, distributor, etc Book House
Date of publication, distribution, etc 2017
300 ## - PHYSICAL DESCRIPTION
Extent 128p;
942 ## - ADDED ENTRY ELEMENTS (KOHA)
Source of classification or shelving scheme
Holdings
Withdrawn status Lost status Source of classification or shelving scheme Damaged status Koha normalized classification for sorting Not for loan Permanent location Current location Date acquired Source of acquisition Cost, normal purchase price Full call number Barcode Date last seen Cost, replacement price Price effective from Koha item type
        741_000000000000000   BMS College of Architecture, Design and Planning BMS College of Architecture, Design and Planning 2024-08-01 1 838.19 741 AR-UG4164 2024-08-01 1117.58 2024-08-01 B.Design
Copyright © 2025, The Librarian, Library and Information Centre, BMSCA D&P, Bengaluru. All Rights Reserved
web counter

Powered by Koha